| 000 | 00612nam a22001817a 4500 | ||
|---|---|---|---|
| 003 | OSt | ||
| 005 | 20260202020819.0 | ||
| 008 | 260202b |||||||| |||| 00| 0 eng d | ||
| 020 | _a9780316383363 | ||
| 040 |
_aDWCL GS Library _cOC |
||
| 082 | _afic. C683a 2015 | ||
| 100 | _aColfer, Chris | ||
| 245 |
_aAdventures from the land of stories _b: queen red riding hood's guide to royalty _cchris colfer |
||
| 260 |
_aNew York _bHachette Book group Inc. _cc2015 |
||
| 300 |
_a118 _billustrations _c20cm |
||
| 700 | _aChris Colfer | ||
| 942 |
_2ddc _cFIC. _hFic. C683a 2015 _n0 |
||
| 999 |
_c8091 _d8091 |
||